000 00326nam a2200097Ia 4500
008 220120s9999||||xx |||||||||||||| ||und||
100 _aHema S.G and others
_912514
245 3 _aAn automated industrial convey on belt system using image pr
260 _aCoorg Institute of Technology
_bPonnampet
_c2014
650 _aCOMPUTER SCIENCE
999 _c138112
_d138112